<?xml version="1.0" encoding="UTF-8"?>
<record
    xmlns:xsi="http://www.w3.org/2001/XMLSchema-instance"
    xsi:schemaLocation="http://www.loc.gov/MARC21/slim http://www.loc.gov/standards/marcxml/schema/MARC21slim.xsd"
    xmlns="http://www.loc.gov/MARC21/slim">

  <leader>00487    a2200133   4500</leader>
  <datafield tag="020" ind1=" " ind2=" ">
    <subfield code="a">2872840141</subfield>
  </datafield>
  <datafield tag="082" ind1=" " ind2=" ">
    <subfield code="a">707</subfield>
    <subfield code="b">F486e</subfield>
  </datafield>
  <datafield tag="100" ind1=" " ind2=" ">
    <subfield code="a">Filliou, Robert</subfield>
    <subfield code="9">1256</subfield>
  </datafield>
  <datafield tag="245" ind1=" " ind2=" ">
    <subfield code="a">Enseigner et apprendre,</subfield>
    <subfield code="b">Arts Vivants</subfield>
  </datafield>
  <datafield tag="260" ind1=" " ind2=" ">
    <subfield code="a">Paris-Bruxelles</subfield>
    <subfield code="b">Lebeer Hossmann</subfield>
    <subfield code="c">2000</subfield>
  </datafield>
  <datafield tag="300" ind1=" " ind2=" ">
    <subfield code="a">262 p</subfield>
    <subfield code="c">21 cm</subfield>
  </datafield>
  <datafield tag="650" ind1=" " ind2=" ">
    <subfield code="a">Enseignement-methodes experimentales (ense&#x105;nza-metodos experimentales)</subfield>
    <subfield code="x">Cage, John</subfield>
    <subfield code="x">Beuys, Joseph</subfield>
    <subfield code="x">Roth, Dieter</subfield>
    <subfield code="x">Arte (sistema-gobierno-montajes)</subfield>
    <subfield code="9">1257</subfield>
  </datafield>
  <datafield tag="700" ind1=" " ind2=" ">
    <subfield code="a">Robert Filliou</subfield>
    <subfield code="9">1258</subfield>
  </datafield>
  <datafield tag="999" ind1=" " ind2=" ">
    <subfield code="c">273</subfield>
    <subfield code="d">273</subfield>
  </datafield>
  <datafield tag="952" ind1=" " ind2=" ">
    <subfield code="0">0</subfield>
    <subfield code="1">0</subfield>
    <subfield code="2">ddc</subfield>
    <subfield code="4">0</subfield>
    <subfield code="7">0</subfield>
    <subfield code="a">LV</subfield>
    <subfield code="b">LV</subfield>
    <subfield code="c">Pensamiento</subfield>
    <subfield code="d">2014-08-14</subfield>
    <subfield code="l">0</subfield>
    <subfield code="o">707 F486e</subfield>
    <subfield code="p">003995</subfield>
    <subfield code="r">2014-08-14 00:00:00</subfield>
    <subfield code="w">2014-08-14</subfield>
    <subfield code="y">01</subfield>
  </datafield>
</record>
